000 00660nam a2200241Ia 4500
003 OSt
005 20220918214434.0
006 a|||||r|||| 00| 0
007 ta
008 220917b |||||||| |||| 00| 0 eng d
024 _a137,544
037 _cTextual
040 _aARTS
_cARTS
_beng
041 _2eng
_aeng
082 _aXM25:1.N5, J5
110 _aFood And Agriculture Organisation Of The United Nations
_9131375
245 0 _aSo bold an aim
260 _c1955
650 _aECONOMICS
700 _aFood And Agriculture Organisation Of The United Nations
_9131376
942 _hXM25:1.N5, J5
_cTEXL
_2CC
999 _c260624
_d260624